01101nam a2200277 i 4500003000900000005001700009007000300026008004100029040003000070041000800100082001900108100005500127245012600182250002200308264006800330300003900398336002700437337003300464338002800497500006300525590002700588910001400615942001400629952016300643999001700806DO-SdBNP20250708100810.0ta250708t2010 dr d 000 0 spa d aDO-SdBNPbspacBNPHUerda hspa axxxxbM5162221 aMejía Santana, Julio Césareautor4aut.96503510aEmpleo y desempleo en República Dominicana :bla controversia de las cifras oficiales /cJulio César Mejía Santana  aPrimera edición aSanto Domingo :bData M, consultores en datos y mercadeoc2010. a238 páginasbgráficas c26 cm. atextobtxt2rdacontent asin mediaciónbn2rdamedia avolumenbnc2rdacarrier aIncluye datos biografícos del autor en la contraportada. aInventariado, 2025/ YL aYLockward 2ddccLBS1 00102ddc5170aBNPHUbBNPHUcCTd2024-10-29eDonado por el Consejo Nacional de Competitividadl0oBNPHU PD xxx M516p2025-6231r2025-07-08w2025-07-08yLBS1 c59453d59453